|
|
|
|
| LEADER |
01245nam a22003252a 4500 |
| 001 |
000895362 |
| 003 |
CZ BrMZK |
| 005 |
20080430082941.0 |
| 007 |
ta |
| 008 |
080430s1992 xr af er|||||||||||cze d |
| 015 |
|
|
|a cnb000080295
|
| 035 |
|
|
|a (OCoLC)39603418
|
| 040 |
|
|
|a BOA001
|b cze
|
| 041 |
0 |
|
|a cze
|b ger
|
| 080 |
9 |
|
|a 903.4
|
| 100 |
1 |
|
|a Budinský, Petr,
|d 1938-
|7 jk01020160
|4 aut
|
| 245 |
1 |
0 |
|a Mladohalštatský až časnělaténský sídlištní materiál z Podkrušnohoří v archeologické sbírce teplického muzea (fond Teplice) /
|c Peter Budinský
|
| 260 |
|
|
|a Teplice :
|b Regionální muzeum,
|c 1992
|
| 300 |
|
|
|a 152 s., 60 s. obr. příl. :
|b il.
|
| 490 |
1 |
|
|a Archeologický výzkum v severních Čechách ;
|v sv. 120
|
| 504 |
|
|
|a Obsahuje bibliografii
|
| 546 |
|
|
|a Německé resumé
|
| 830 |
|
0 |
|a Archeologický výzkum v severních Čechách
|0 s
|
| 910 |
|
|
|a BOA001
|b 4-0996.565
|
| 964 |
|
|
|a Výzkumy archeologické - Čechy severní
|
| 964 |
|
|
|a Doba halštatská - výzkumy archeologické - Čechy severní
|
| 964 |
|
|
|a Doba laténská - výzkumy archeologické - Čechy severní
|
| 990 |
|
|
|a BK
|
| 991 |
|
|
|b 200804
|
| 996 |
7 |
|
|b 2619446226
|c 4-0996.565
|l MZK
|r Sklad / do 1 hodiny
|n 1
|w 000895362
|u 000010
|a 1
|e BOA001
|j MZK50
|s A
|